000 01106nam0a22002411 4500
001 rc\959811
005 20260407125808.0
035 _a(NLR Aleph) 006130204
090 _a5553391
_c5553391
100 _a20041129d1982 |||y0rusy50 ca
101 0 _arus
102 _aRU
105 _aa |||||||||
200 1 _aСпособ рефлексотерапии больных облитерирующими заболеваниями артерий нижних конечностей
_eМетод. рекомендации
_fС-во здравоохранения АрмССР, Упр. лечеб.-профилакт. помощи
_g[Сост. проф. Ф.Г. Портнов, А.А. Саркисян]
210 _aЕреван
_cБ. и.
_d1982
215 _a13 с.
_cил.
_d20
702 1 _aПортнов
_bФ.Г.
_gФома Григорьевич
_4220
712 0 1 _aАрмССР
_bУправление лечебно-профилактической помощи
_3RU\NLR\AUTH\889972149
_9440775
801 0 _aRU
_bNLR
_gpsbo
801 1 _aRU
_bELAR
_2rusmarc
852 _aNLR
_j84-4/12526
942 _cBOOK
980 _aNB